[Event "26.Schlosspark-Open"]
[Site "Wiesbaden-Biebrich"]
[Date "2014.08.28"]
[Round "1.55"]
[White "Roth, Michael"]
[Black "Skarke, Harald"]
[Result "0-1"]
[WhiteElo "1600"]
[BlackElo "2025"]
[PlyCount "94"]
[EventDate "2014.??.??"]
[WhiteTeam "SC Lerchenberg/ZMO"]
[BlackTeam "SF Neuberg"]

1. e4 c5 2. Nf3 e6 3. c3 Qa5 4. d4 cxd4 5. Nxd4 a6 6. Be3 Nf6 7. Bd3 d6 8. Nd2
Be7 9. N2b3 Qc7 10. Qf3 Nbd7 11. Nd2 Ne5 12. Qe2 Nxd3+ 13. Qxd3 b5 14. f4 Bb7
15. Ne2 O-O 16. O-O-O Rfc8 17. Kb1 a5 18. g4 b4 19. c4 d5 20. cxd5 exd5 21. e5
Ba6 22. Qf5 g6 23. Qg5 Ne4 24. Qh6 Bxe2 25. Nxe4 Qc2+ 26. Ka1 Qxe4 27. f5 Bxd1
28. Rxd1 Qxg4 29. Rf1 Bf8 30. Qf4 Qxf4 31. Bxf4 Rc4 32. h4 Rac8 33. Bg5 h6 34.
Bd2 gxf5 35. a3 b3 36. Kb1 a4 37. Rxf5 Rxh4 38. Rf1 Rcc4 39. e6 fxe6 40. Rg1+
Rhg4 41. Rf1 Bg7 42. Bb4 Rc2 43. Bc3 d4 44. Bb4 Rgg2 45. Be7 Rxb2+ 46. Ka1 d3
47. Bf8 Ra2+ 0-1

[Event "26.Schlosspark-Open"]
[Site "Wiesbaden-Biebrich"]
[Date "2014.08.28"]
[Round "1.56"]
[White "Bietz, Fabian"]
[Black "Rosmanitz, Anna"]
[Result "1-0"]
[WhiteElo "2024"]
[BlackElo "1599"]
[PlyCount "57"]
[EventDate "2014.??.??"]
[WhiteTeam "SJ Herborn 1998"]
[BlackTeam "SC 1979 Hattersheim"]

1. Nf3 d5 2. g3 Nf6 3. Bg2 Bg4 4. O-O Nc6 5. d4 e6 6. b3 Bb4 7. Bb2 O-O 8. c4
Re8 9. c5 b6 10. a3 bxc5 11. axb4 cxd4 12. Bxd4 e5 13. Bc5 Qb8 14. Qd2 d4 15.
Ne1 Qb5 16. Nd3 Rab8 17. Na3 Qb7 18. b5 e4 19. bxc6 Qxc6 20. Bxd4 Qd6 21. Nf4
Rxb3 22. Nc4 Qd8 23. Rfd1 Qb8 24. Ne3 Bd7 25. Bxf6 gxf6 26. Qxd7 Rb6 27. Nf5
Kf8 28. Nd5 Rbe6 29. Nxc7 1-0

[Event "26.Schlosspark-Open"]
[Site "Wiesbaden-Biebrich"]
[Date "2014.08.28"]
[Round "1.57"]
[White "Schmitt, Clemens"]
[Black "Kuhn, Gerhard"]
[Result "1/2-1/2"]
[WhiteElo "1581"]
[BlackElo "2023"]
[PlyCount "141"]
[EventDate "2014.??.??"]
[WhiteTeam "SV Bergwinkel"]
[BlackTeam "SK Marburg 1931/72"]

1. c4 Nf6 2. g3 g6 3. Bg2 d5 4. cxd5 Nxd5 5. Nc3 Nb6 6. Nf3 Bg7 7. O-O O-O 8.
d3 Nc6 9. Bf4 Re8 10. Qc1 e5 11. Bg5 f6 12. Bh6 Bh8 13. Rd1 Qe7 14. Ne4 Bg7 15.
Bxg7 Kxg7 16. Nc5 Nd7 17. Nxd7 Bxd7 18. Nd2 Nd4 19. Re1 c6 20. e3 Nf5 21. d4
exd4 22. exd4 Qf7 23. Rxe8 Rxe8 24. Qc5 Re2 25. Ne4 Qe7 26. Qxa7 Rxb2 27. Qa4
Rb4 28. Qa7 Nxd4 29. Rd1 Nf5 30. Qa3 Be8 31. Qc3 Rb5 32. Re1 Re5 33. Kf1 Nd6
34. Nxd6 Qxd6 35. Rb1 Re7 36. Qc2 Qe5 37. Qd2 Bf7 38. Bf3 Bc4+ 39. Kg2 Bd5 40.
Bxd5 Qxd5+ 41. Qxd5 cxd5 42. Rb5 Rd7 43. Kf3 Kf7 44. Rb6 g5 45. Ke3 Kg6 46. Kd4
Re7 47. Rb2 Rd7 48. a4 Kf7 49. a5 Ke6 50. Rb6+ Kf7 51. f4 h6 52. f5 Re7 53.
Kxd5 Re5+ 54. Kd6 Rxa5 55. Rxb7+ Kf8 56. Rb8+ Kf7 57. Rb7+ Kf8 58. Ke6 Ra6+ 59.
Kd5 Ra5+ 60. Ke4 Re5+ 61. Kf3 Rxf5+ 62. Kg4 Rf2 63. h3 Rh2 64. h4 gxh4 65. gxh4
f5+ 66. Kg3 Rh1 67. Rh7 f4+ 68. Kxf4 Rxh4+ 69. Kg3 Rh1 70. Kg2 Rh5 71. Ra7
1/2-1/2

[Event "26.Schlosspark-Open"]
[Site "Wiesbaden-Biebrich"]
[Date "2014.08.28"]
[Round "1.58"]
[White "Zeyer, Oliver"]
[Black "Wilk, David"]
[Result "1-0"]
[WhiteElo "2022"]
[BlackElo "1580"]
[PlyCount "77"]
[EventDate "2014.??.??"]
[WhiteTeam "SF HN-Biberach 1978 e.V."]
[BlackTeam "Sfr.Mainz 1928"]

1. e4 e5 2. Nf3 Nc6 3. Bb5 a6 4. Ba4 d6 5. O-O Be7 6. c3 Nf6 7. Re1 Bg4 8. h3
Bh5 9. d3 O-O 10. Nbd2 Nd7 11. Nf1 Bg6 12. d4 exd4 13. cxd4 Bf6 14. Ng3 Re8 15.
Bf4 b5 16. Bb3 Na5 17. Bc2 c5 18. Bxd6 cxd4 19. e5 Bxc2 20. Qxc2 Rc8 21. Qf5 g6
22. Qf4 Bg7 23. Qxd4 Rc4 24. Qd1 Nb7 25. b3 Rc8 26. Rc1 Qa5 27. Rxc8 Rxc8 28.
Be7 Qc7 29. e6 fxe6 30. Ng5 Ndc5 31. Bxc5 Nxc5 32. b4 Rd8 33. Qc1 Bd4 34. N3e4
h6 35. Nf3 Rc8 36. Nxc5 e5 37. Nxd4 exd4 38. Qxh6 Qf7 39. Re6 1-0

[Event "26.Schlosspark-Open"]
[Site "Wiesbaden-Biebrich"]
[Date "2014.08.28"]
[Round "1.59"]
[White "Lehmann, Falko"]
[Black "Kolker, Vladislav"]
[Result "0-1"]
[WhiteElo "1578"]
[BlackElo "2021"]
[PlyCount "44"]
[EventDate "2014.??.??"]
[WhiteTeam "SC Taunusstein 1966"]
[BlackTeam "SC Bad Nauheim"]

1. d4 Nf6 2. Nf3 g6 3. c4 Bg7 4. Nc3 O-O 5. e3 d6 6. Be2 Nbd7 7. O-O e5 8. dxe5
dxe5 9. e4 c6 10. Bg5 h6 11. Bd2 Nh5 12. Rb1 a5 13. Be3 Qe7 14. Qd2 Kh7 15. h3
Nc5 16. Nh2 Nf4 17. Bxf4 exf4 18. Bg4 Nxe4 19. Nxe4 Qxe4 20. Bxc8 Rfxc8 21. b3
Rd8 22. Rfe1 Qxb1 0-1

[Event "26.Schlosspark-Open"]
[Site "Wiesbaden-Biebrich"]
[Date "2014.08.28"]
[Round "1.60"]
[White "Osswald, Luis Monty"]
[Black "Happel, Jürgen"]
[Result "1-0"]
[WhiteElo "2017"]
[BlackElo "1574"]
[PlyCount "77"]
[EventDate "2014.??.??"]
[WhiteTeam "Kasseler SK 1876"]
[BlackTeam "SV 1920 Hofheim"]

1. e4 e5 2. Nf3 Nc6 3. Bc4 d6 4. d4 exd4 5. Nxd4 Bd7 6. Nc3 Nf6 7. O-O Be7 8.
h3 O-O 9. Be3 a6 10. a4 h6 11. f4 Rc8 12. a5 Ra8 13. Qf3 Rb8 14. Nce2 Qe8 15.
g4 Nh7 16. Ng3 Nxd4 17. Bxd4 c5 18. Bc3 Bb5 19. b3 Bf6 20. Nf5 Qd7 21. Rad1
Bxc4 22. bxc4 Rfd8 23. e5 g6 24. Nxh6+ Kg7 25. exf6+ Kxh6 26. g5+ Nxg5 27.
fxg5+ Kh7 28. Rde1 Re8 29. Re7 Rxe7 30. fxe7 Qxe7 31. Qxf7+ Qxf7 32. Rxf7+ Kg8
33. Rg7+ Kf8 34. Rh7 Re8 35. Rh8+ Kf7 36. Rxe8 Kxe8 37. h4 Kf7 38. Kg2 Ke6 39.
h5 1-0

[Event "26.Schlosspark-Open"]
[Site "Wiesbaden-Biebrich"]
[Date "2014.08.28"]
[Round "1.61"]
[White "Diskovskyi, Igor"]
[Black "Muuss, Klaus"]
[Result "0-1"]
[WhiteElo "1564"]
[BlackElo "2012"]
[PlyCount "54"]
[EventDate "2014.??.??"]
[WhiteTeam "FC 1934 Wiesbaden-Bierstadt"]
[BlackTeam "VSF Flintbek"]

1. e4 e5 2. Nf3 Nc6 3. Bc4 Nf6 4. d4 exd4 5. Nxd4 d6 6. O-O Be7 7. Nc3 O-O 8.
Nxc6 bxc6 9. h3 Be6 10. Bd3 Rb8 11. Qf3 Nd7 12. Rb1 Ne5 13. Qe2 Nxd3 14. cxd3
Bf6 15. Be3 a5 16. f4 d5 17. Bc5 dxe4 18. dxe4 Bd4+ 19. Bxd4 Qxd4+ 20. Kh1 Bc4
21. Rfd1 Qxc3 22. Qd2 Qxd2 23. Rxd2 Rfd8 24. Rxd8+ Rxd8 25. b3 Bd3 26. Rd1 Kf8
27. e5 Ke7 0-1

[Event "26.Schlosspark-Open"]
[Site "Wiesbaden-Biebrich"]
[Date "2014.08.28"]
[Round "1.62"]
[White "Machlin, Maxim"]
[Black "Reinisch, Markus"]
[Result "1-0"]
[WhiteElo "2009"]
[BlackElo "1563"]
[PlyCount "77"]
[EventDate "2014.??.??"]
[WhiteTeam "Biebertaler SF"]
[BlackTeam "Wiesbadener SV 1885"]

1. c4 e6 2. g3 Nf6 3. Bg2 d5 4. Qb3 c6 5. e3 Nbd7 6. d4 b6 7. Nf3 Qc7 8. O-O
Bd6 9. cxd5 cxd5 10. Nc3 Ba6 11. Nb5 Bxb5 12. Qxb5 O-O 13. Bd2 Qc4 14. Qxc4
dxc4 15. Ne5 Rac8 16. Nxd7 Nxd7 17. a4 Rc7 18. Rfc1 Rfc8 19. Rc2 a5 20. Rac1
Bb4 21. Be1 Bxe1 22. Rxe1 c3 23. b3 e5 24. Bh3 exd4 25. exd4 Rd8 26. Re3 Nf8
27. Rexc3 Rxc3 28. Rxc3 Rxd4 29. Kf1 Rd1+ 30. Ke2 Rh1 31. Rc6 Rxh2 32. Bg4 Rh6
33. Rxh6 gxh6 34. Kd3 Ng6 35. f4 Ne7 36. Kc4 f5 37. Bf3 Nc8 38. Kb5 Nd6+ 39.
Kxb6 1-0

[Event "26.Schlosspark-Open"]
[Site "Wiesbaden-Biebrich"]
[Date "2014.08.28"]
[Round "1.63"]
[White "Künne, Lutz Dieter"]
[Black "Hupprich, Thorsten"]
[Result "0-1"]
[WhiteElo "1542"]
[BlackElo "2000"]
[PlyCount "58"]
[EventDate "2014.??.??"]
[WhiteTeam "Kings Club 98 Jena"]
[BlackTeam "SK Lauterecken 1963"]

1. e4 e5 2. Nf3 Nc6 3. Bb5 a6 4. Ba4 Nf6 5. d3 d6 6. c3 Be7 7. Nbd2 O-O 8. Nf1
Bd7 9. Ng3 g6 10. h3 Na5 11. Bc2 c5 12. O-O Qc7 13. Bh6 Rfe8 14. Rc1 Rac8 15.
Nh2 d5 16. Bg5 dxe4 17. Bxf6 Bxf6 18. Nxe4 Bg7 19. Ng4 Qb6 20. b3 f5 21. Nxc5
Qxc5 22. b4 Qd6 23. bxa5 fxg4 24. hxg4 Bc6 25. Rb1 Qd7 26. Bb3+ Kh8 27. Qe2 Rf8
28. Rbd1 Rce8 29. f3 Qc7 0-1

[Event "26.Schlosspark-Open"]
[Site "Wiesbaden-Biebrich"]
[Date "2014.08.28"]
[Round "1.64"]
[White "Seifert, Norbert"]
[Black "Troeger, Beate"]
[Result "1-0"]
[WhiteElo "2000"]
[BlackElo "1540"]
[PlyCount "111"]
[EventDate "2014.??.??"]
[WhiteTeam "SF Neuberg"]
[BlackTeam "Vorw.Orient Mainz"]

1. e4 c5 2. Nf3 d6 3. d4 cxd4 4. Nxd4 Nf6 5. Nc3 a6 6. Bg5 e5 7. Nf3 Be7 8. a4
O-O 9. Be2 Be6 10. O-O Nbd7 11. Bxf6 Nxf6 12. Qd2 Qc7 13. Ng5 Bc4 14. Rfd1 Bxe2
15. Qxe2 Qc5 16. Ra3 Rac8 17. Nf3 Rfd8 18. h3 Qc4 19. Qxc4 Rxc4 20. Rb3 Nxe4
21. Nxe4 Rxe4 22. Rxb7 Kf8 23. b3 Re2 24. c4 f5 25. Rd5 g6 26. a5 Rb2 27. Nd2
Bg5 28. Nf3 Rb1+ 29. Kh2 Be7 30. g3 Rb2 31. Kg1 Rb1+ 32. Kg2 Rb2 33. Kf1 Rc8
34. Ne1 Rc5 35. Rxc5 dxc5 36. Nd3 Rb1+ 37. Ke2 e4 38. Ne5 Rb2+ 39. Ke3 Bg5+ 40.
f4 exf3+ 41. Kxf3 Rb1 42. Nd7+ Ke8 43. Nxc5 Bd2 44. Nxa6 Bxa5 45. b4 Rb3+ 46.
Kf4 Rb1 47. Rb8+ Bd8 48. c5 Rf1+ 49. Ke3 Rd1 50. c6 Kf7 51. c7 Bg5+ 52. Ke2
Rd2+ 53. Ke1 Rd3 54. c8=Q Re3+ 55. Kf2 Re4 56. Qf8+ 1-0

[Event "26.Schlosspark-Open"]
[Site "Wiesbaden-Biebrich"]
[Date "2014.08.28"]
[Round "1.65"]
[White "Thybo, Thomas Sondergaard"]
[Black "Costea, Valerius"]
[Result "1-0"]
[WhiteElo "1525"]
[BlackElo "1988"]
[PlyCount "105"]
[EventDate "2014.??.??"]
[WhiteTeam "Morso Skak Klub"]
[BlackTeam "SK Frankenthal"]

1. e4 c5 2. Nf3 a6 3. d4 cxd4 4. Nxd4 d6 5. Bc4 e6 6. Bb3 Nf6 7. Nc3 Be7 8. O-O
Qc7 9. Be3 Nc6 10. f3 O-O 11. Qe2 Bd7 12. Rad1 Rfe8 13. Rd2 Nxd4 14. Bxd4 e5
15. Be3 Be6 16. Bxe6 fxe6 17. Rfd1 b5 18. a3 Rac8 19. Bg5 Rf8 20. Kh1 Qc4 21.
Qxc4 Rxc4 22. Be3 Rfc8 23. Rd3 h6 24. Kg1 Kf7 25. Kf1 d5 26. exd5 exd5 27. Nxd5
Nxd5 28. Rxd5 Ke6 29. c3 g5 30. g4 h5 31. h3 hxg4 32. hxg4 Rg8 33. Ke2 e4 34.
fxe4 Rxe4 35. R1d4 Re5 36. Rxe5+ Kxe5 37. Rd7 Bd6 38. Ra7 Kd5 39. Rxa6 Re8 40.
Kd3 Rh8 41. Rb6 Rh3 42. Rxb5+ Kc6 43. Rb6+ Kc7 44. Rxd6 Kxd6 45. Ke4 Rh2 46. b4
Ke6 47. Bxg5 Ra2 48. Be3 Rxa3 49. Bd4 Ra2 50. g5 Rg2 51. Kf4 Rc2 52. g6 Rg2 53.
g7 1-0

[Event "26.Schlosspark-Open"]
[Site "Wiesbaden-Biebrich"]
[Date "2014.08.28"]
[Round "1.66"]
[White "Gentner, Markus"]
[Black "Kirchner, Markus"]
[Result "1-0"]
[WhiteElo "1988"]
[BlackElo "1519"]
[PlyCount "52"]
[EventDate "2014.??.??"]
[WhiteTeam "SC Murrhardt 1948 e.V."]
[BlackTeam "SF Schöneck"]

1. Nf3 e6 2. c4 d5 3. g3 Nf6 4. b3 Bb4 5. a3 Be7 6. Bb2 O-O 7. Bg2 c5 8. O-O
Nc6 9. d3 Bd7 10. Nbd2 Qb6 11. Qc2 d4 12. Rab1 Qc7 13. b4 cxb4 14. Nxd4 Nxd4
15. Bxd4 a5 16. axb4 axb4 17. Qb2 Bc6 18. Bxf6 Bxf6 19. Qxb4 Qe5 20. Ne4 Ra2
21. Nxf6+ Qxf6 22. Bxc6 bxc6 23. e3 Rd8 24. d4 Qf5 25. Qd6 Rf8 26. Rb8 Ra8 1-0

[Event "26.Schlosspark-Open"]
[Site "Wiesbaden-Biebrich"]
[Date "2014.08.28"]
[Round "1.67"]
[White "Viol, Julius"]
[Black "Göbel, Andreas"]
[Result "0-1"]
[WhiteElo "1516"]
[BlackElo "1987"]
[PlyCount "80"]
[EventDate "2014.??.??"]
[WhiteTeam "FC 1934 Wiesbaden-Bierstadt"]
[BlackTeam "SC Brett vorm Kopp Ffm"]

1. d4 Nf6 2. c4 e6 3. Nf3 d5 4. Bg5 Be7 5. Nc3 O-O 6. cxd5 exd5 7. e3 c6 8. Bd3
Bg4 9. h3 Bh5 10. O-O Nbd7 11. a3 Ne4 12. Bxe4 dxe4 13. Nxe4 Bxf3 14. Qxf3 Bxg5
15. Qf5 Be7 16. Rfd1 Nf6 17. Nxf6+ Bxf6 18. Rac1 Qb6 19. Rc2 Rad8 20. g4 Rd5
21. Qf3 Rfd8 22. b4 Qa6 23. Ra1 Qd3 24. Qe2 Qxe2 25. Rxe2 Re8 26. Rc2 a6 27.
Rc5 Red8 28. Rac1 Be7 29. Rxd5 Rxd5 30. Kg2 f6 31. Kf3 Kf7 32. Ke4 Ke6 33. f4
g6 34. Kd3 a5 35. e4 Rb5 36. f5+ gxf5 37. gxf5+ Kf7 38. bxa5 Rxa5 39. Rb1 Rxa3+
40. Kc4 b5+ 0-1

[Event "26.Schlosspark-Open"]
[Site "Wiesbaden-Biebrich"]
[Date "2014.08.28"]
[Round "1.68"]
[White "Schmitt, Carsten"]
[Black "Lehmann, Wolfgang"]
[Result "1-0"]
[WhiteElo "1984"]
[BlackElo "1500"]
[PlyCount "93"]
[EventDate "2014.??.??"]
[WhiteTeam "SV Bergwinkel"]
[BlackTeam "Wiesbadener SV 1885"]

1. c4 c5 2. g3 Nf6 3. Bg2 e6 4. Nf3 Nc6 5. O-O Be7 6. b3 O-O 7. Bb2 Rb8 8. Nc3
b6 9. d4 cxd4 10. Nxd4 Bb7 11. Ndb5 a6 12. Nd6 Qc7 13. Nxb7 Qxb7 14. Ne4 Nxe4
15. Bxe4 f5 16. Bg2 Qc7 17. e3 Bf6 18. Bxf6 Rxf6 19. Qd2 Rff8 20. Rfd1 Rbd8 21.
Qd6 Qxd6 22. Rxd6 e5 23. Rad1 e4 24. f3 exf3 25. Bxf3 Ne5 26. Bd5+ Kh8 27. Rxb6
Ng4 28. Rd3 Rfe8 29. Rxa6 Nxe3 30. Bf3 g6 31. Rad6 Re7 32. h3 Nc2 33. Rd2 Ne3
34. Bc6 Kg7 35. a4 Rb8 36. Bb5 Rc8 37. a5 f4 38. Rxd7 Rxd7 39. Rxd7+ Kh6 40.
gxf4 Rf8 41. Kf2 Nf5 42. a6 Ng7 43. a7 Ne6 44. b4 Nxf4 45. Ke3 g5 46. Bc6 Re8+
47. Kf3 1-0

[Event "26.Schlosspark-Open"]
[Site "Wiesbaden-Biebrich"]
[Date "2014.08.28"]
[Round "1.69"]
[White "Raitor, Sven"]
[Black "Martin, Reiner"]
[Result "0-1"]
[WhiteElo "1493"]
[BlackElo "1981"]
[PlyCount "42"]
[EventDate "2014.??.??"]
[WhiteTeam "SK Großsachsen"]
[BlackTeam "SC Bad Soden"]

1. e4 c5 2. f4 Nc6 3. Nf3 g6 4. Bc4 Bg7 5. c3 e6 6. e5 d5 7. Bb5 Qb6 8. Bxc6+
bxc6 9. O-O Ba6 10. Re1 Bd3 11. Qb3 Qc7 12. Re3 c4 13. Qa4 Ne7 14. Nd4 O-O 15.
g4 g5 16. fxg5 Bxe5 17. Nf3 Bd6 18. h4 Bc5 19. Nd4 Qf4 20. Nxc6 Qg3+ 21. Kh1
Be4+ 0-1

[Event "26.Schlosspark-Open"]
[Site "Wiesbaden-Biebrich"]
[Date "2014.08.28"]
[Round "1.71"]
[White "Kirchner, Stefan"]
[Black "Lenz, Jonas"]
[Result "0-1"]
[WhiteElo "1425"]
[BlackElo "1973"]
[PlyCount "62"]
[EventDate "2014.??.??"]
[WhiteTeam "SF Schöneck"]
[BlackTeam "SK Bad Homburg 1927"]

1. e4 c5 2. Nf3 e6 3. d4 cxd4 4. Nxd4 a6 5. Nc3 Qc7 6. Bd3 Nf6 7. Bd2 Bc5 8.
Nb3 Be7 9. f4 d6 10. Qf3 Nbd7 11. g4 Nc5 12. Nxc5 Qxc5 13. g5 Nd7 14. O-O-O Rb8
15. a3 b5 16. Na2 Bb7 17. Rhg1 Qb6 18. Bc3 Bf8 19. h4 d5 20. Qe2 Bc5 21. Rgf1
d4 22. Bd2 a5 23. Qe1 Ra8 24. Kb1 Be7 25. b4 axb4 26. Bxb4 Nc5 27. f5 e5 28.
Kb2 Ra4 29. c3 dxc3+ 30. Qxc3 Rxb4+ 31. Ka1 Rd4 0-1

[Event "26.Schlosspark-Open"]
[Site "Wiesbaden-Biebrich"]
[Date "2014.08.28"]
[Round "1.72"]
[White "Martin, Lukas"]
[Black "Roggensack, Hans Peter"]
[Result "0-1"]
[WhiteElo "1374"]
[BlackElo "1970"]
[PlyCount "62"]
[EventDate "2014.??.??"]
[WhiteTeam "SC Bad Soden"]
[BlackTeam "SF Frankfurt 1921"]

1. d4 d5 2. c4 c6 3. Nc3 dxc4 4. e4 b5 5. Nf3 Nf6 6. Bf4 e6 7. Be2 Bb7 8. Qc2
Be7 9. O-O Nbd7 10. b3 b4 11. Na4 c3 12. a3 c5 13. axb4 cxd4 14. Rfd1 Bxe4 15.
Bd3 Bxf3 16. gxf3 Nd5 17. Bg3 Nxb4 18. Qe2 Nxd3 19. Rxd3 Bf6 20. f4 O-O 21. Qg4
Rc8 22. Rdd1 Qe7 23. h4 Qb4 24. h5 h6 25. Kh1 c2 26. Rg1 d3 27. Bh4 Bxa1 28.
Bg5 hxg5 29. Qxg5 c1=Q 30. h6 Qe4+ 31. Kh2 Qcxf4+ 0-1

[Event "26.Schlosspark-Open"]
[Site "Wiesbaden-Biebrich"]
[Date "2014.08.28"]
[Round "1.73"]
[White "Schmidt, Volker"]
[Black "Triantafillidis, Simeon"]
[Result "1-0"]
[WhiteElo "1967"]
[BlackElo "1361"]
[PlyCount "65"]
[EventDate "2014.??.??"]
[WhiteTeam "SAbt TuS Dotzheim"]
[BlackTeam "SF HN-Biberach 1978 e.V."]

1. c4 e5 2. g3 Nf6 3. Bg2 Nc6 4. Nc3 Bc5 5. e3 O-O 6. Nge2 d6 7. O-O Be6 8. d4
Bb6 9. d5 Ne7 10. dxe6 fxe6 11. Bxb7 Rb8 12. Bg2 Ng6 13. b4 a6 14. a4 Qe7 15.
a5 Ba7 16. b5 axb5 17. Nxb5 Bc5 18. Nec3 Rbd8 19. a6 Rc8 20. Ba3 Bb6 21. Na4
Nd7 22. Nxb6 Nxb6 23. Rc1 Qd7 24. Qd3 Rfe8 25. Rfd1 Na8 26. Rb1 Ne7 27. Na7 Rb8
28. Rxb8 Rxb8 29. Rb1 Rd8 30. Nb5 Qc8 31. a7 Qa6 32. Bxa8 Rxa8 33. Nxc7 1-0

[Event "26.Schlosspark-Open"]
[Site "Wiesbaden-Biebrich"]
[Date "2014.08.28"]
[Round "1.74"]
[White "Thybo, Jan"]
[Black "Özdemir, Ali Özden"]
[Result "0-1"]
[WhiteElo "1347"]
[BlackElo "1958"]
[PlyCount "64"]
[EventDate "2014.??.??"]
[WhiteTeam "Morso Skak Klub"]
[BlackTeam "SK Langen"]

1. e4 c5 2. Nc3 Nc6 3. g3 e6 4. Bg2 Nf6 5. d3 Be7 6. Nge2 O-O 7. O-O d6 8. a3
Bd7 9. Bd2 Rb8 10. Qe1 b5 11. f4 Qb6 12. Nd1 Nd4 13. Nxd4 cxd4 14. Kh1 Rfc8 15.
c3 Rb7 16. e5 Nd5 17. Bxd5 exd5 18. cxd4 Qxd4 19. Bc3 Qxd3 20. Nf2 Qf3+ 21. Kg1
dxe5 22. Qxe5 Bf6 23. Qd6 d4 24. Nd1 Qd3 25. Nf2 Qc4 26. Bb4 a5 27. Rac1 Qxc1
28. Rxc1 Rxc1+ 29. Kg2 axb4 30. Qxb4 Bc6+ 31. Kh3 h5 32. Nd3 Rg1 0-1

[Event "26.Schlosspark-Open"]
[Site "Wiesbaden-Biebrich"]
[Date "2014.08.28"]
[Round "1.75"]
[White "Frömbgen, Andreas"]
[Black "Meier, Alexander"]
[Result "1-0"]
[WhiteElo "1953"]
[BlackElo "1345"]
[PlyCount "111"]
[EventDate "2014.??.??"]
[WhiteTeam "SK Gau-Algesheim"]
[BlackTeam "SC Taunusstein 1966"]

1. c4 c5 2. g3 Nc6 3. Bg2 e5 4. Nc3 Nf6 5. e3 d6 6. Nge2 g6 7. O-O Bg7 8. a3 a5
9. d3 O-O 10. Rb1 Rb8 11. Qc2 Be6 12. Bd2 Qd7 13. Nd5 b6 14. Nec3 Ne7 15. Nxe7+
Qxe7 16. b4 axb4 17. axb4 Qd7 18. e4 Bh3 19. Nb5 Bxg2 20. Kxg2 Rfd8 21. Ra1 Ne8
22. Ra7 Rb7 23. Rfa1 Rxa7 24. Rxa7 Qc6 25. Qa2 f5 26. f3 fxe4 27. fxe4 Qc8 28.
Bg5 Bf6 29. Qf2 Qe6 30. Be3 Rd7 31. Ra8 Rd8 32. Ra6 Rb8 33. bxc5 bxc5 34. Bxc5
Qc8 35. Bxd6 Rb7 36. Qc5 Qxc5 37. Bxc5 Rd7 38. Bd6 Nxd6 39. Rxd6 Rxd6 40. Nxd6
Kf8 41. Nb5 Ke7 42. Kf3 Kd7 43. Ke2 Kc6 44. Kd2 Bg5+ 45. Kc3 Be3 46. d4 exd4+
47. Nxd4+ Kd6 48. Kd3 Bg1 49. Nf3 Bc5 50. e5+ Ke7 51. Ke4 h6 52. Kd5 Ba7 53. c5
g5 54. g4 Bb8 55. Nd4 Kd7 56. Nf5 1-0

[Event "26.Schlosspark-Open"]
[Site "Wiesbaden-Biebrich"]
[Date "2014.08.28"]
[Round "1.76"]
[White "Busch, Günther"]
[Black "Soost, Stefan"]
[Result "0-1"]
[WhiteElo "1307"]
[BlackElo "1953"]
[PlyCount "100"]
[EventDate "2014.??.??"]
[WhiteTeam "FC 1934 Wiesbaden-Bierstadt"]
[BlackTeam "vereinslos"]

1. g3 e5 2. d3 d5 3. Bg2 Nf6 4. e3 Bc5 5. Ne2 O-O 6. a3 Bg4 7. O-O Qd7 8. Nd2
Bh3 9. Nf3 Nc6 10. b4 Bd6 11. Bb2 Bxg2 12. Kxg2 Rae8 13. Rc1 Nh5 14. c4 e4 15.
dxe4 dxe4 16. Nfg1 Qf5 17. Nd4 Nxd4 18. Bxd4 Nf6 19. Bxf6 Qxf6 20. f4 Qb2+ 21.
Qc2 Qxa3 22. c5 Be7 23. Qc3 Qxc3 24. Rxc3 Rd8 25. Nh3 Rd2+ 26. Rf2 Rfd8 27. Rc2
R2d3 28. Rfe2 Rb3 29. Rb2 Rxb2 30. Rxb2 f5 31. Kf2 Kf7 32. Ke2 Ke6 33. Nf2 Kd5
34. Rc2 Kc6 35. Ra2 a6 36. g4 g6 37. g5 Kb5 38. Rb2 Bf8 39. Rb1 Bg7 40. Rc1 Bb2
41. Rb1 Bc3 42. Nd1 Bxb4 43. Nc3+ Kxc5 44. Rc1 Bxc3 45. Rxc3+ Kb6 46. Rb3+ Ka7
47. h4 c5 48. h5 c4 49. Rb1 b5 50. Rc1 Kb6 0-1

[Event "26.Schlosspark-Open"]
[Site "Wiesbaden-Biebrich"]
[Date "2014.08.28"]
[Round "1.77"]
[White "Ottway, Christopher"]
[Black "Held, Gerd"]
[Result "1-0"]
[WhiteElo "1951"]
[BlackElo "1288"]
[PlyCount "117"]
[EventDate "2014.??.??"]
[WhiteTeam "Biebertaler SF"]
[BlackTeam "SC Groß-Zimmern"]

1. c4 g6 2. g3 Bg7 3. Bg2 c5 4. Nc3 Nf6 5. e4 d6 6. Nge2 O-O 7. O-O Nc6 8. d3
a6 9. h3 Rb8 10. a4 Nb4 11. Be3 a5 12. d4 b6 13. e5 Ne8 14. dxc5 bxc5 15. Bxc5
Bxe5 16. Ba7 Bb7 17. Bxb8 Bxg2 18. Kxg2 Qxb8 19. Rb1 Nc7 20. Nd4 Bxd4 21. Qxd4
Ne6 22. Qd2 Nc5 23. b3 Ncd3 24. Qe2 Ne5 25. f4 Qb7+ 26. Qe4 Qxe4+ 27. Nxe4 Ned3
28. Rf3 f5 29. Nc3 Nc5 30. Re3 Kf7 31. Rbe1 Re8 32. Nb5 Ne4 33. R1e2 h6 34. g4
Kf8 35. Nc7 Rc8 36. Nb5 Kf7 37. h4 h5 38. g5 d5 39. Nc3 d4 40. Rxe4 fxe4 41.
Nxe4 Nd3 42. Kf3 Rb8 43. Nd2 Nc1 44. Re5 Nxb3 45. Ne4 Rd8 46. Rb5 Nc1 47. Rxa5
d3 48. Nd2 Ne2 49. Rd5 Rxd5 50. cxd5 Ke8 51. a5 Kd7 52. Ne4 Nd4+ 53. Ke3 Nf5+
54. Kxd3 Nxh4 55. Ng3 Kc7 56. Ke4 Kb7 57. Nxh5 gxh5 58. f5 Ka6 59. g6 1-0

[Event "26.Schlosspark-Open"]
[Site "Wiesbaden-Biebrich"]
[Date "2014.08.28"]
[Round "1.78"]
[White "Kunisch, Nina"]
[Black "Pardey, Kevin"]
[Result "0-1"]
[WhiteElo "1249"]
[BlackElo "1949"]
[PlyCount "74"]
[EventDate "2014.??.??"]
[WhiteTeam "TV-Großostheim 1900 e.V."]
[BlackTeam "Wiesbadener SV 1885"]

1. e4 c5 2. Nf3 d6 3. d4 cxd4 4. Nxd4 Nf6 5. Nc3 Nc6 6. Bb5 Bd7 7. Nxc6 Bxc6 8.
Qf3 Rc8 9. Bxc6+ Rxc6 10. O-O e6 11. Bg5 Be7 12. Rad1 Qa5 13. Bd2 Qb6 14. b3 a6
15. Rfe1 Qc7 16. Qg3 h5 17. h3 h4 18. Qf3 Nd7 19. Re2 Ne5 20. Qe3 g5 21. Be1
Ng6 22. Qd4 Rg8 23. Bd2 Qd8 24. Qa7 Qc8 25. Qd4 Ne5 26. Be1 g4 27. Qe3 Nf3+ 28.
Kf1 Nxe1 29. Kxe1 Rxc3 30. Qh6 gxh3 31. gxh3 Rg1+ 32. Kd2 Rxc2+ 33. Ke3 Bg5+
34. f4 Rg3+ 35. Kf2 Qc5+ 36. Rd4 Qxd4+ 37. Kf1 Rg1# 0-1

[Event "26.Schlosspark-Open"]
[Site "Wiesbaden-Biebrich"]
[Date "2014.08.28"]
[Round "1.79"]
[White "Karthaus, Carsten"]
[Black "Sallwey, Rainer"]
[Result "1-0"]
[WhiteElo "1970"]
[BlackElo "1411"]
[PlyCount "33"]
[EventDate "2014.??.??"]
[WhiteTeam "SC Murrhardt 1948 e.V."]
[BlackTeam "SK Langen"]

1. e4 g6 2. d4 Bg7 3. Nf3 d6 4. Bc4 e6 5. Nc3 Ne7 6. O-O O-O 7. Be3 Nd7 8. Qd2
Re8 9. Rad1 Nb6 10. Bb3 c6 11. Rfe1 d5 12. Bh6 Bh8 13. Qf4 f6 14. h4 Nd7 15.
exd5 exd5 16. Qd6 Nf5 17. Qxd5+ 1-0

[Event "26.Schlosspark-Open"]
[Site "Wiesbaden-Biebrich"]
[Date "2014.08.28"]
[Round "1.80"]
[White "Kobs, Stephan"]
[Black "Kirchner, Johanna"]
[Result "1-0"]
[WhiteElo "1942"]
[BlackElo "1203"]
[PlyCount "91"]
[EventDate "2014.??.??"]
[WhiteTeam "Hildesheimer SV"]
[BlackTeam "SF Schöneck"]

1. e4 e6 2. d4 d5 3. Nc3 Nf6 4. Bg5 Be7 5. e5 Nfd7 6. Bxe7 Qxe7 7. f4 a6 8. Nf3
c5 9. Qd2 Nc6 10. O-O-O O-O 11. dxc5 Qxc5 12. Bd3 Nb4 13. Be2 Nb6 14. Qd4 Qxd4
15. Nxd4 Bd7 16. a3 Nc6 17. g4 Nxd4 18. Rxd4 Bc6 19. Rhd1 Rac8 20. Kb1 Nd7 21.
Bf3 Nb6 22. b3 Bd7 23. Kb2 Rc7 24. R4d2 Rfc8 25. Ne2 a5 26. Nd4 a4 27. Be2 axb3
28. cxb3 Rc5 29. Rc2 Rxc2+ 30. Nxc2 Rc5 31. Nd4 Kf8 32. Rc1 Rxc1 33. Kxc1 Ke7
34. Kb2 f6 35. Kc3 fxe5 36. fxe5 Kd8 37. Kb4 Nc8 38. a4 Ne7 39. Bb5 Bc8 40. Kc5
Kc7 41. a5 h6 42. Be8 g5 43. b4 Kd8 44. Bf7 Kc7 45. b5 Kb8 46. Kd6 1-0